[Event "AUT-chT 2001-2002"]
[Site ""]
[Date "2001.11.03"]
[Round "4.2.1"]
[White "BOENSCH, Uwe"]
[Black "STOHL, Igor"]
[Result "1-0"]
[WhiteElo "2542"]
[BlackElo "2534"]
[PlyCount "63"]
[EventDate "2001.11.03"]

1. d4 Nf6 2. c4 e6 3. Nf3 b6 4. g3 Bb7 5. Bg2 Be7 6. O-O O-O 7. Nc3 Ne4 8. Nxe4
Bxe4 9. Bf4 c5 10. dxc5 bxc5 11. Qd2 d5 12. cxd5 exd5 13. Rfd1 Qb6 14. Ne1 Nc6
15. Bxe4 dxe4 16. Qd5 Bf6 17. Be3 Nd4 18. Bxd4 Bxd4 19. e3 Bxb2 20. Rab1 Rfe8
21. Qc4 Qf6 22. Rd7 Rad8 23. Rxd8 Rxd8 24. Qxe4 Bc3 25. Nd3 Qa6 26. a4 g6 27.
Nxc5 Qe2 28. Kg2 Be1 29. Qf4 Ba5 30. Rb7 Rf8 31. Nd7 Qa6 32. Qf3 1-0

[Event "AUT-chT 2001-2002"]
[Site ""]
[Date "2001.11.03"]
[Round "4.2.2"]
[White "VAN DER WIEL, John"]
[Black "STANGL, Markus"]
[Result "1/2-1/2"]
[WhiteElo "2495"]
[BlackElo "2457"]
[PlyCount "45"]
[EventDate "2001.11.03"]

1. e4 c5 2. Nf3 d6 3. d4 cxd4 4. Nxd4 Nf6 5. Nc3 a6 6. a4 g6 7. Be2 Bg7 8. O-O
O-O 9. f4 Nc6 10. Be3 Bd7 11. Nb3 Be6 12. Bf3 Na5 13. e5 Ne8 14. Nxa5 Qxa5 15.
Nd5 Bxd5 16. Qxd5 Qxd5 17. Bxd5 Nc7 18. Bxb7 Rab8 19. exd6 exd6 20. Bf3 Bxb2
21. Rad1 Rb4 22. Rxd6 Rxa4 23. Rc6 1/2-1/2

[Event "AUT-chT 2001-2002"]
[Site ""]
[Date "2001.11.03"]
[Round "4.2.4"]
[White "LENDWAI, Reinhard"]
[Black "ELLERS, Holger"]
[Result "0-1"]
[WhiteElo "2372"]
[BlackElo "2444"]
[PlyCount "108"]
[EventDate "2001.11.03"]

1. e4 e6 2. d3 d5 3. Nd2 Nf6 4. Ngf3 g6 5. g3 Bg7 6. Bg2 O-O 7. O-O h6 8. Qe2
c5 9. Re1 Nc6 10. c3 a5 11. a3 a4 12. e5 Nd7 13. d4 b6 14. Nf1 Ba6 15. Qd1 Qe7
16. Ne3 Rfc8 17. Ng4 Qf8 18. Bf4 cxd4 19. cxd4 Bc4 20. h4 Ne7 21. Qd2 Nf5 22.
Ne3 Nxe3 23. Bxe3 Rc6 24. Bh3 Rac8 25. Rec1 R8c7 26. Ne1 Nb8 27. Bg4 h5 28. Bd1
Bb5 29. Rxc6 Rxc6 30. Rc1 Rxc1 31. Qxc1 Nc6 32. Qc3 Qa8 33. Nf3 Bc4 34. Nd2 b5
35. Nxc4 dxc4 36. Bf3 Qe8 37. Be4 Qd7 38. Kg2 Bf8 39. f3 Ne7 40. Bg5 Nd5 41.
Qa5 Kh7 42. Qa8 Bg7 43. Qb8 f6 44. Bd2 fxe5 45. dxe5 b4 46. axb4 c3 47. bxc3 a3
48. c4 Nb6 49. Bc3 Nxc4 50. f4 Qd1 51. Qb7 Qe2+ 52. Kh3 Ne3 53. b5 Nf1 54. Bg2
Qg4# 0-1

[Event "AUT-chT 2001-2002"]
[Site ""]
[Date "2001.11.03"]
[Round "4.2.6"]
[White "KWATSCHEWSKY, Leo"]
[Black "HOELLRIGL, Wilfried"]
[Result "1/2-1/2"]
[WhiteElo "2276"]
[BlackElo "2196"]
[PlyCount "48"]
[EventDate "2001.11.03"]

1. c4 Nf6 2. Nc3 g6 3. d4 Bg7 4. Nf3 O-O 5. g3 d6 6. Bg2 Nbd7 7. O-O e5 8. h3
Re8 9. Qc2 c6 10. Rd1 Qc7 11. e4 exd4 12. Nxd4 Nc5 13. b4 Ncd7 14. Rb1 Ne5 15.
Nce2 a5 16. b5 c5 17. b6 Qe7 18. Nb5 Rd8 19. Nc7 Rb8 20. Nf4 Be6 21. Nfd5 Bxd5
22. Nxd5 Nxd5 23. exd5 Re8 24. Bd2 Ra8 1/2-1/2

[Event "AUT-chT 2001-2002"]
[Site ""]
[Date "2001.11.03"]
[Round "4.3.1"]
[White "CHERNIN, Alexander"]
[Black "UHLMANN, Wolfgang"]
[Result "1-0"]
[WhiteElo "2592"]
[BlackElo "2473"]
[PlyCount "49"]
[EventDate "2001.11.03"]

1. d4 Nf6 2. c4 g6 3. Nc3 Bg7 4. e4 d6 5. h3 e5 6. d5 c6 7. Bg5 cxd5 8. cxd5
O-O 9. Nf3 Nbd7 10. Nd2 a6 11. a4 a5 12. Bb5 h6 13. Be3 Ne8 14. Nc4 f6 15. f3
Nc5 16. O-O b6 17. Bc6 Ba6 18. Nb5 Bxb5 19. axb5 Rb8 20. Bxe8 Rxe8 21. Bxc5
dxc5 22. d6 Qd7 23. Qd5+ Kh7 24. Qc6 Qe6 25. d7 1-0

[Event "AUT-chT 2001-2002"]
[Site ""]
[Date "2001.11.03"]
[Round "4.3.2"]
[White "WEGENER, Dirk"]
[Black "LUTHER, Thomas"]
[Result "1/2-1/2"]
[WhiteElo "2345"]
[BlackElo "2604"]
[PlyCount "65"]
[EventDate "2001.11.03"]

1. e4 e6 2. d4 d5 3. Nc3 Nf6 4. e5 Nfd7 5. f4 c5 6. Nf3 Nc6 7. Be3 cxd4 8. Nxd4
Bc5 9. Qd2 O-O 10. O-O-O a6 11. h4 Nxd4 12. Bxd4 b5 13. Rh3 b4 14. Na4 Bxd4 15.
Qxd4 a5 16. Bb5 Rb8 17. Bd3 Nb6 18. Nxb6 Rxb6 19. h5 Ba6 20. h6 g6 21. Bxa6
Rxa6 22. Kb1 Qc7 23. a4 Rc6 24. Qd2 Rc8 25. Rc1 Rc4 26. Rd3 f5 27. g4 fxg4 28.
f5 gxf5 29. Rxd5 exd5 30. Qg5+ Kh8 31. Qf6+ Kg8 32. Qg5+ Kh8 33. Qf6+ 1/2-1/2

[Event "AUT-chT 2001-2002"]
[Site ""]
[Date "2001.11.03"]
[Round "4.3.3"]
[White "STANEC, Nikolaus"]
[Black "ROLLETSCHEK, Heinrich"]
[Result "1-0"]
[WhiteElo "2512"]
[BlackElo "2269"]
[PlyCount "85"]
[EventDate "2001.11.03"]

1. d4 f5 2. g3 Nf6 3. Bg2 g6 4. c3 Bg7 5. h4 c6 6. Nh3 d6 7. Bg5 Be6 8. Nd2 h6
9. Bxf6 Bxf6 10. e4 Bf7 11. Qc2 Qd7 12. O-O-O Na6 13. Rhe1 O-O-O 14. e5 Bg7 15.
Nf4 Nc7 16. Nf3 d5 17. Nd3 e6 18. Nc5 Qe7 19. Qa4 b6 20. Nd3 Kb7 21. Nd2 Be8
22. c4 g5 23. Rh1 Bd7 24. Kb1 Kb8 25. c5 Rdf8 26. Rc1 b5 27. Qa5 Bc8 28. Nb4
Bb7 29. Rc3 Ba8 30. Bf1 f4 31. a4 fxg3 32. axb5 g2 33. Bxg2 Nxb5 34. Rb3 Rxf2
35. Bf1 Rxf1+ 36. Rxf1 gxh4 37. Rbf3 Rf8 38. Rxf8+ Bxf8 39. Nb3 Bb7 40. Qa4 Bg7
41. Na5 Qc7 42. Naxc6+ Bxc6 43. Na6+ 1-0

[Event "AUT-chT 2001-2002"]
[Site ""]
[Date "2001.11.03"]
[Round "4.3.4"]
[White "BAUMGARTNER, Heinz"]
[Black "KINDERMANN, Stefan"]
[Result "1/2-1/2"]
[WhiteElo "2350"]
[BlackElo "2520"]
[PlyCount "45"]
[EventDate "2001.11.03"]

1. Nf3 f5 2. g3 Nf6 3. Bg2 d6 4. d4 g6 5. b3 Bg7 6. Bb2 O-O 7. c4 Na6 8. O-O
Qe8 9. d5 c5 10. dxc6 bxc6 11. Nd4 Bd7 12. Nc3 Rb8 13. Rb1 Nc7 14. e3 c5 15.
Nde2 Bc6 16. Nd5 Nfxd5 17. cxd5 Bb5 18. Bxg7 Kxg7 19. Re1 Bxe2 20. Qxe2 Qf7 21.
Qd2 Rb7 22. Rbd1 Qf6 23. Bf1 1/2-1/2

[Event "AUT-chT 2001-2002"]
[Site ""]
[Date "2001.11.03"]
[Round "4.3.5"]
[White "TESKE, Henrik"]
[Black "NIEDERMAYR, Horst"]
[Result "1-0"]
[WhiteElo "2504"]
[BlackElo "2178"]
[PlyCount "49"]
[EventDate "2001.11.03"]

1. b3 d5 2. Bb2 Bf5 3. d3 e6 4. Nd2 Nf6 5. g3 c5 6. Bg2 Nc6 7. e4 dxe4 8. dxe4
Bg6 9. Ne2 Qc7 10. Nf4 O-O-O 11. Nxg6 hxg6 12. O-O Bd6 13. Qe1 Be5 14. c3 g5
15. Nc4 g4 16. Rd1 Rh7 17. Rxd8+ Qxd8 18. Qd1 Qxd1 19. Rxd1 Kc7 20. Bh1 b5 21.
Nxe5 Nxe5 22. c4 Nfd7 23. cxb5 Rh8 24. Bg2 Kb6 25. a4 1-0

[Event "AUT-chT 2001-2002"]
[Site ""]
[Date "2001.11.03"]
[Round "4.3.6"]
[White "WINIWARTER, Felix"]
[Black "WATZKA, Horst"]
[Result "1/2-1/2"]
[WhiteElo "2174"]
[BlackElo "2364"]
[PlyCount "42"]
[EventDate "2001.11.03"]

1. d4 Nf6 2. c4 e6 3. Nc3 Bb4 4. e3 O-O 5. Bd3 c5 6. a3 Bxc3+ 7. bxc3 d6 8. Ne2
b6 9. Ng3 Nc6 10. O-O Ba6 11. e4 cxd4 12. cxd4 Nxd4 13. Bb2 e5 14. Bxd4 exd4
15. f4 Re8 16. Qf3 Rc8 17. Rac1 Rc5 18. Qf2 Ra5 19. Qxd4 Bc8 20. Rc3 Qc7 21.
Bb1 Rc5 1/2-1/2

[Event "AUT-chT 2001-2002"]
[Site ""]
[Date "2001.11.03"]
[Round "4.4.3"]
[White "MUSE, Mladen"]
[Black "VOGT, Lothar"]
[Result "1/2-1/2"]
[WhiteElo "2487"]
[BlackElo "2460"]
[PlyCount "25"]
[EventDate "2001.11.03"]

1. d4 Nf6 2. Nf3 g6 3. Bg5 Bg7 4. e3 Rg8 5. Nbd2 c5 6. Bxf6 Bxf6 7. Ne4 Qb6 8.
Nxf6+ Qxf6 9. c3 d6 10. h4 cxd4 11. Nxd4 h5 12. Be2 Nc6 13. Nf3 1/2-1/2

[Event "AUT-chT 2001-2002"]
[Site ""]
[Date "2001.11.03"]
[Round "4.4.4"]
[White "NEUBAUER, Martin"]
[Black "FROSCH, Erich"]
[Result "1/2-1/2"]
[WhiteElo "2434"]
[BlackElo "2339"]
[PlyCount "82"]
[EventDate "2001.11.03"]

1. e4 e5 2. Nc3 Nc6 3. f4 exf4 4. Nf3 g5 5. d4 d6 6. d5 Ne5 7. Bb5+ Bd7 8.
Bxd7+ Nxd7 9. Qd4 f6 10. h4 Ne5 11. hxg5 Nxf3+ 12. gxf3 Bg7 13. Bxf4 Qd7 14.
Qe3 Ne7 15. O-O-O Ng6 16. Rdg1 Qf7 17. Nb5 O-O 18. Bh2 fxg5 19. Qxg5 a6 20.
Bxd6 cxd6 21. Nxd6 Qf4+ 22. Qxf4 Rxf4 23. Rh3 Raf8 24. Nf5 R8xf5 25. exf5 Rxf5
26. c4 b5 27. b3 bxc4 28. bxc4 Nf4 29. Rh2 Nd3+ 30. Kc2 Ne5 31. Rhg2 Rf7 32. c5
Nxf3 33. Rd1 Kf8 34. d6 Ne5 35. Re2 Rb7 36. Rd5 Nc6 37. Rf5+ Rf7 38. Rxf7+ Kxf7
39. Kd3 Be5 40. Kc4 Ke6 41. Re3 Na5+ 1/2-1/2

[Event "AUT-chT 2001-2002"]
[Site ""]
[Date "2001.11.03"]
[Round "4.4.5"]
[White "FAHRNER, Kurt"]
[Black "GANAUS, Hannes"]
[Result "1-0"]
[WhiteElo "2367"]
[BlackElo "2364"]
[PlyCount "63"]
[EventDate "2001.11.03"]

1. c4 e6 2. Nc3 d5 3. d4 Nf6 4. Bg5 Be7 5. Nf3 O-O 6. e3 h6 7. Bxf6 Bxf6 8.
cxd5 exd5 9. Bd3 Re8 10. O-O c6 11. Qc2 Bg4 12. Nd2 Nd7 13. b4 Rc8 14. Nb3 a6
15. Na4 Nb6 16. Nxb6 Qxb6 17. Nc5 Rcd8 18. a4 Bc8 19. b5 axb5 20. axb5 cxb5 21.
Rfb1 Re7 22. Rxb5 Qd6 23. Rab1 Rc7 24. Bh7+ Kh8 25. Bf5 Qe7 26. Bxc8 Rdxc8 27.
Qb3 Qd6 28. g3 h5 29. Nxb7 Rc1+ 30. Kg2 Rxb1 31. Nxd6 Rxb3 32. Rxb3 1-0

[Event "AUT-chT 2001-2002"]
[Site ""]
[Date "2001.11.03"]
[Round "4.4.6"]
[White "NEUMEIER, Klaus"]
[Black "LOEBLER, Heimo"]
[Result "1-0"]
[WhiteElo "2344"]
[BlackElo "2232"]
[PlyCount "89"]
[EventDate "2001.11.03"]

1. e4 c5 2. Nf3 Nc6 3. Bb5 e6 4. Bxc6 bxc6 5. d3 Ne7 6. O-O Ng6 7. Ng5 f6 8.
Nh3 Be7 9. Qh5 O-O 10. f4 f5 11. Nd2 d5 12. Nf3 Qe8 13. Nhg5 h6 14. exf5 exf5
15. Re1 Nxf4 16. Qxe8 Rxe8 17. Bxf4 hxg5 18. Bxg5 Kf8 19. Bxe7+ Rxe7 20. Ne5
Re6 21. Re2 Rb8 22. b3 g6 23. Rae1 Kg7 24. h4 Rb7 25. Kf2 Rc7 26. Kf3 Rb7 27.
Kf4 Kf6 28. Re3 Rh7 29. Nf3 Rxe3 30. Rxe3 Rh8 31. g3 Rg8 32. Ng5 Rh8 33. Re5
Rd8 34. Nh7+ Kf7 35. Ng5+ Kf6 36. Nf3 Bd7 37. c4 Bc8 38. d4 dxc4 39. Rxc5 Rd6
40. Rxc4 Bb7 41. Ne5 Re6 42. Nd7+ Kf7 43. Nc5 Re7 44. Nxb7 Rxb7 45. Rxc6 1-0

[Event "AUT-chT 2001-2002"]
[Site ""]
[Date "2001.11.03"]
[Round "4.5.2"]
[White "ATLAS, Valeri"]
[Black "POPOVIC, Petar"]
[Result "1/2-1/2"]
[WhiteElo "2484"]
[BlackElo "2532"]
[PlyCount "30"]
[EventDate "2001.11.03"]

1. e4 c5 2. Nf3 d6 3. d4 cxd4 4. Nxd4 Nf6 5. Nc3 Nc6 6. g3 g6 7. Nde2 Bd7 8.
Bg2 Qc8 9. h3 Bg7 10. b3 O-O 11. Bb2 a5 12. a4 Nb4 13. Qd2 Rd8 14. Rd1 Qc5 15.
O-O Rac8 1/2-1/2

[Event "AUT-chT 2001-2002"]
[Site ""]
[Date "2001.11.03"]
[Round "4.5.5"]
[White "ROTH, Peter"]
[Black "GAERTNER, Guntram"]
[Result "1/2-1/2"]
[WhiteElo "2327"]
[BlackElo "2392"]
[PlyCount "26"]
[EventDate "2001.11.03"]

1. e4 c6 2. d4 d5 3. exd5 cxd5 4. Bd3 Nc6 5. c3 g6 6. Bf4 Nh6 7. Nd2 Bf5 8.
Bxf5 Nxf5 9. Ngf3 Bg7 10. Nf1 Qd7 11. Ng3 Nxg3 12. hxg3 Qe6+ 13. Kf1 h5 1/2-1/2

[Event "AUT-chT 2001-2002"]
[Site ""]
[Date "2001.11.03"]
[Round "4.5.6"]
[White "THOMA, Robert"]
[Black "JANETSCHEK, Karl"]
[Result "1/2-1/2"]
[WhiteElo "2358"]
[BlackElo "2326"]
[PlyCount "30"]
[EventDate "2001.11.03"]

1. Nf3 c5 2. c4 g6 3. Nc3 Nc6 4. e3 Nf6 5. d4 cxd4 6. exd4 d5 7. cxd5 Nxd5 8.
Bc4 Nb6 9. Bb5 Bg7 10. O-O O-O 11. Bxc6 bxc6 12. Bf4 Bg4 13. Be5 Bxe5 14. dxe5
Qc7 15. Qe2 Rad8 1/2-1/2

[Event "AUT-chT 2001-2002"]
[Site ""]
[Date "2001.11.03"]
[Round "4.6.2"]
[White "BAUMEGGER, Siegfried"]
[Black "POLZIN, Rainer"]
[Result "1-0"]
[WhiteElo "2395"]
[BlackElo "2469"]
[PlyCount "113"]
[EventDate "2001.11.03"]

1. e4 g6 2. d4 Bg7 3. Nc3 d6 4. Be3 a6 5. Qd2 Nd7 6. O-O-O b5 7. Nf3 Bb7 8. d5
Ngf6 9. a3 c5 10. dxc6 Bxc6 11. Bd3 Ng4 12. Nd5 Nxe3 13. Qxe3 O-O 14. h4 e6 15.
Nb4 Bb7 16. c3 Nc5 17. Bc2 Qb6 18. h5 a5 19. Na2 Rfc8 20. hxg6 hxg6 21. Ng5 b4
22. Rh7 bxc3 23. b4 f6 24. Rxg7+ Kxg7 25. Nxe6+ Kf7 26. Nxc5 Rxc5 27. Bb3+ Ke7
28. e5 fxe5 29. Qh3 d5 30. Qh7+ Kf6 31. Rd3 Rc4 32. Bxc4 dxc4 33. Rg3 Be4 34.
Nxc3 Qd4 35. Nxe4+ Qxe4 36. Rf3+ Ke6 37. Qg7 Rd8 38. Qf6+ Kd7 39. Qf7+ Kc8 40.
Qe6+ Kb8 41. Qb6+ Kc8 42. Qc5+ Kb8 43. Qb6+ Kc8 44. Qa6+ Qb7 45. Qxc4+ Kb8 46.
Qc5 Qc7 47. Qxc7+ Kxc7 48. bxa5 Rd6 49. Rc3+ Kb7 50. Rb3+ Ka7 51. Rb6 Rd3 52.
Rxg6 Rxa3 53. a6 Ra2 54. Rf6 e4 55. g4 e3 56. fxe3 Rg2 57. Rg6 1-0

[Event "AUT-chT 2001-2002"]
[Site ""]
[Date "2001.11.03"]
[Round "4.6.3"]
[White "SCHWARZ, Michael"]
[Black "WACH, Markus"]
[Result "1/2-1/2"]
[WhiteElo "2389"]
[BlackElo "2386"]
[PlyCount "57"]
[EventDate "2001.11.03"]

1. g3 d5 2. Bg2 Nf6 3. Nf3 c6 4. O-O Bg4 5. b3 Nbd7 6. Bb2 e6 7. c4 Bd6 8. d3
Bxf3 9. Bxf3 h5 10. e4 dxe4 11. dxe4 Qc7 12. Nc3 h4 13. Qe2 O-O-O 14. Rac1 Be5
15. c5 Rh6 16. Nb5 cxb5 17. c6 bxc6 18. Rxc6 Qxc6 19. Rc1 Kb7 20. Rxc6 Kxc6 21.
Bc1 Rhh8 22. a4 a6 23. Be3 hxg3 24. hxg3 Bc7 25. axb5+ axb5 26. Qc2+ Kb7 27.
Qe2 Kc6 28. Qc2+ Kb7 29. Qe2 1/2-1/2

[Event "AUT-chT 2001-2002"]
[Site ""]
[Date "2001.11.03"]
[Round "4.6.4"]
[White "WITTMANN, Walter"]
[Black "KOTZ, Heinz Peter"]
[Result "1/2-1/2"]
[WhiteElo "2356"]
[BlackElo "2364"]
[PlyCount "51"]
[EventDate "2001.11.03"]

1. e4 e5 2. Nf3 Nc6 3. Bb5 f5 4. Bxc6 dxc6 5. Nc3 fxe4 6. Nxe4 Nf6 7. Qe2 Bg4
8. h3 Bxf3 9. Qxf3 Qd5 10. d3 Bb4+ 11. Bd2 Bxd2+ 12. Nxd2 O-O 13. O-O Qd4 14.
c3 Qd5 15. Qxd5+ cxd5 16. Rfe1 Rae8 17. Re2 Re6 18. Nf3 e4 19. Nd4 Ree8 20.
dxe4 Rxe4 21. Rae1 Rxe2 22. Rxe2 Re8 23. Kf1 Rxe2 24. Kxe2 Ne8 25. f4 Nd6 26.
g4 1/2-1/2

[Event "AUT-chT 2001-2002"]
[Site ""]
[Date "2001.11.03"]
[Round "4.6.5"]
[White "PERHINIG, Robert"]
[Black "KUBA, Guenter"]
[Result "1-0"]
[WhiteElo "2191"]
[BlackElo "2313"]
[PlyCount "83"]
[EventDate "2001.11.03"]

1. d4 d5 2. c4 e6 3. Nc3 Nf6 4. Bg5 Be7 5. cxd5 exd5 6. e3 O-O 7. Qc2 h6 8. Bh4
b6 9. Nf3 Bb7 10. Bd3 Nbd7 11. O-O Re8 12. Bg3 a6 13. Rac1 c5 14. dxc5 bxc5 15.
Rfd1 d4 16. exd4 Bxf3 17. gxf3 cxd4 18. Ne4 Qa5 19. Nxf6+ Nxf6 20. Bc4 Rad8 21.
Qb3 Rf8 22. Qb7 Rd7 23. Qxa6 Qf5 24. Qc6 h5 25. Bd3 Qg5 26. h4 Qa5 27. a3 Kh8
28. Re1 Qd2 29. Qc2 Qh6 30. Bf5 Ra7 31. Qd3 Ra4 32. Qd1 Ra5 33. Bb1 Nd5 34. b4
Raa8 35. Qxd4 Rfd8 36. Qe4 Bf6 37. Rcd1 Ne7 38. b5 Ng6 39. Rxd8+ Rxd8 40. b6
Bc3 41. Rf1 Qd2 42. b7 1-0

[Event "AUT-chT 2001-2002"]
[Site ""]
[Date "2001.11.03"]
[Round "4.6.6"]
[White "IVANCSICS, Michael"]
[Black "FROSCH, Ronald"]
[Result "0-1"]
[WhiteElo "2299"]
[BlackElo "2172"]
[PlyCount "80"]
[EventDate "2001.11.03"]

1. d4 d5 2. c4 e6 3. Nc3 Nf6 4. cxd5 exd5 5. Bg5 Be7 6. e3 O-O 7. Bd3 c6 8. Qc2
h6 9. Bh4 Re8 10. Nf3 Ne4 11. Bg3 Bf5 12. O-O Nxg3 13. hxg3 Bxd3 14. Qxd3 Nd7
15. Rfc1 Bd6 16. Rab1 Qe7 17. Nh4 Qg5 18. Qf5 Qxf5 19. Nxf5 Bf8 20. Na4 g6 21.
Nh4 Nb6 22. Nc5 Bxc5 23. dxc5 Nc4 24. Nf3 f5 25. b4 b5 26. Nd4 Rec8 27. Ra1 a5
28. a4 axb4 29. axb5 Rxa1 30. Rxa1 cxb5 31. Rb1 Rxc5 32. Rxb4 Nd6 33. Rb1 Kf7
34. Kf1 Ke7 35. Rb2 Kd7 36. Nb3 Rc4 37. Nd4 b4 38. Nc2 b3 39. Nd4 Rxd4 40. exd4
Nc4 0-1